| 000 | 00458nam a2200193Ia 4500 | ||
|---|---|---|---|
| 008 | 151119s9999||||xx |||||||||||||| ||und|| | ||
| 082 | _a820AUR/THE | ||
| 082 | _bGKKV33295 | ||
| 100 | _aAUROBINDO SRI | ||
| 245 | _aTHE PSYCHIC BEING | ||
| 260 | _aINDIA | ||
| 260 | _bSRI AUROBINDO ASHRAM | ||
| 260 | _c1989 | ||
| 600 | _aAUROBINDO SRI | ||
| 630 | _aTHE PSYCHIC BEING | ||
| 700 | _aAUROBINDO SRI | ||
| 730 | _aTHE PSYCHIC BEING | ||
| 942 | _cBOOK | ||
| 999 |
_c1085594 _d1085591 |
||